01397nab a22002297a 4500003000400000005001700004008004100021040000700062100002500069245012900094260007300223300001300296500003700309505048800346505008200834650001800916650001800934650002300952650002200975650002100997773014901018OSt20251218075720.0190429b xxu||||| |||| 00| 0 spa d cPJ aSwinnen, Jérémie10aJuicio en ausencia en Argentina : bnueva ley y su impacto en la Justicia nacional e internacional /cJérémie Swinnen. cCiudad Autónoma de Buenos Aires :aThomson Reuters La Ley, b2025. ap. 53-63 aCita: TR LALEY AR/DOC/406/2025  aSumario: I. Introducción.— II. Algunas reflexiones iniciales.— III. Legislación comparada sobre el juicio en ausencia.— IV. Tribunales internacionales: la experiencia en los procesos penales internacionales.— V. Otros tribunales penales internacionales: Tribunales Penales Ad-Hoc y Tribunales Penales Mixtos.— VI. Tribunal Europeo de Derechos Humanos y las garantías de un juicio en ausencia.— VII. Diferentes enfoques con objetivos comunes.— VIII. Conclusión. tSi te interesa el texto completo, solicitalo a koha@justierradelfuego.gov.ar  0aDERECHO PENAL 0aPROCESO PENAL 0aJUICIO EN AUSENCIA 0aDEFENSA EN JUICIO 0aJUICIO ABREVIADO0 02658tRevista de derecho penal y criminología. Nº 3 - Abril 2025dCiudad Autónoma de Buenos Aires : Thomson Reuters La Ley, 2017-x00347914